00501nam a2200133Ia 4500008004100000082001600041100002600057245010700083260003100190300000900221942001200230999001900242952010600261210430s9999 xx 000 0 und d a530 G6611 P aJohn R. Gordon954701 aPhysics for Scientists and Engineers 7th ed (Student Soutions Manual and Study Guide)/cJohn R. Gordon aCanidabBrooks/ Colec2008 a390p cBK2ddc c565378d565378 001040708NFICaSCMEbSCMEcGENd0000-00-00l0o530 G6611 PpSCME-3966Br2021-04-30w2021-04-30yBK